Statystyki dla Kraje w OPEC

Kliknij tutaj aby rozwiązać quiz!

Ogólne statystyki

  • Ten quiz został rozwiązany 47 razy
  • Średni wynik to 10 z 15

Statystyki odpowiedzi

Państwo% Poprawnych
Arabia Saudyjska
95%
Katar
95%
Kuwejt
95%
Zjednoczone Emiraty Arabskie
95%
Irak
92%
Iran
92%
Wenezuela
76%
Algieria
68%
Libia
66%
Nigeria
58%
Angola
53%
Ekwador
39%
Kongo
39%
Gabon
32%
Gwinea Równikowa
29%

Rozkład punktacji

Percentyl według liczby udzielonych odpowiedzi

Procent ludzi z każdym wynikiem

Twoja historia wyników

Nie rozwiązałeś tego quizu